Biblioteca y Centro de Documentación

V Conferencia Europea Economía Social (Registro nro. 3918)

Detalles MARC
000 -CABECERA
Longitud fija campo de control 00991nam a2200253 c 4500
001 - NÚMERO DE CONTROL
Número de control 3918
003 - IDENTIFICADOR DE NÚMERO DE CONTROL
Identificador del número de control ES-MaCES
005 - FECHA Y HORA DE LA ÚLTIMA TRANSACCIÓN
Fecha y hora de la última transacción 20141221121704.0
008 - CAMPO FIJO DE DESCRIPCIÓN FIJA--INFORMACIÓN GENERAL
Códigos de información de longitud fija   960509s1995 sp a ||| | spa d
035 ## - NÚMERO DE CONTROL DEL SISTEMA
Número de control del sistema CES19980039473m
040 ## - FUENTE DE CATALOGACIÓN
Centro catalogador de origen ES-MaCES
Lengua de catalogación spa
Centro transcriptor ES-MaCES
111 2# - ENCABEZAMIENTO PRINCIPAL--NOMBRE DE REUNIÓN
Nombre de congreso o jurisdicción como elemento de entrada Conferencia Europea de Economía Social
Número del congreso o número de parte o sección de la obra
Fecha del congreso 1995
Sede del congreso Sevilla
9 (RLIN) 143
245 10 - MENCIÓN DE TÍTULO
Título V Conferencia Europea Economía Social
Resto del título : Sevilla, España, 23-25 de octubre de 1995
Mención de responsabilidad, etc. [organiz., Instituto Nacional de Fomento de la Economía Social (INFES)]
260 ## - PUBLICACIÓN, DISTRIBUCIÓN, ETC (PIE DE IMPRENTA)
Lugar de publicación, distribución, etc. Madrid
Nombre del editor, distribuidor, etc. INFES ; Sevilla : Dirección General de Cooperativas
Fecha de publicación, distribución, etc. 1995
300 ## - DESCRIPCIÓN FÍSICA
Extensión 19 p.
Otras características físicas il.
Dimensiones 30 cm
541 ## - NOTA DE LA FUENTE INMEDIANTE DE ADQUISICIÓN
Forma de adquisición Gratuito
650 #4 - ASIENTO SECUNDARIO DE MATERIA--TÉRMINO DE MATERIA
Término de materia o nombre geográfico como elemento inicial economía social
9 (RLIN) 30379
653 10 - TÉRMINO DE INDEXACIÓN--NO CONTROLADO
Término no controlado Empresa
710 1# - ENCABEZAMIENTO SECUNDARIO--NOMBRE CORPORATIVO
Nombre de entidad o nombre de jurisdicción como elemento inicial Andalucía
Unidad subordinada Dirección General de Cooperativas
Término indicativo de función ed.
9 (RLIN) 1339
710 1# - ENCABEZAMIENTO SECUNDARIO--NOMBRE CORPORATIVO
Nombre de entidad o nombre de jurisdicción como elemento inicial Instituto Nacional de Fomento de la Economía Social (España)
Término indicativo de función ed.
9 (RLIN) 4277
902 ## - CES. TIPO DE DOCUMENTO
Tipodoc (006$c Sirtex) DOC Literatura gris
942 ## - ELEMENTOS KOHA
Fuente de clasificaión o esquema Clasificación propia del CES
Koha [por defecto] tipo de item Monografías
Parte de clasificación 0.0.
Existencias
Número de registro Signatura completa Tipo de item de Koha
013266 DOC-0.0.-71 Monografías
© CES, Consejo Económico y Social de España 2021